Composite structures of steel and concrete : (Record no. 554291)

000 -LEADER
fixed length control field 00616cam a2200181 i 4500
020 ## - INTERNATIONAL STANDARD BOOK NUMBER
International Standard Book Number 9781119401384 (ePub)
020 ## - INTERNATIONAL STANDARD BOOK NUMBER
International Standard Book Number 9781119401414 (Adobe PDF)
082 00 - DEWEY DECIMAL CLASSIFICATION NUMBER
Classification number 624.1821
Author Mark JOH
-- N-2,P-99
100 1# - MAIN ENTRY--PERSONAL NAME
Personal name Johnson, R. P.
9 (RLIN) 42960
245 10 - TITLE STATEMENT
Title Composite structures of steel and concrete :
Remainder of title beams, slabs, columns and frames for buildings /
Statement of responsibility, etc. Roger P Johnson, University of Warwick, UK.
250 ## - EDITION STATEMENT
Edition statement 3rd edition.
260 ## - PUBLICATION, DISTRIBUTION, ETC.
Place of publication, distribution, etc. 230 p.
526 ## - STUDY PROGRAM INFORMATION NOTE
Program name 0
Interest level 0
Reading level 0
Title point value 624_182100000000000_JOH
650 #0 - SUBJECT ADDED ENTRY--TOPICAL TERM
Topical term or geographic name entry element Building, Iron and steel.
650 #0 - SUBJECT ADDED ENTRY--TOPICAL TERM
Topical term or geographic name entry element Composite construction.
650 #0 - SUBJECT ADDED ENTRY--TOPICAL TERM
Topical term or geographic name entry element Concrete construction.
942 ## - ADDED ENTRY ELEMENTS (KOHA)
Source of classification or shelving scheme
Koha item type Book
Holdings
Withdrawn status Lost status Source of classification or shelving scheme Damaged status Not for loan Permanent Location Current Location Date acquired Total Checkouts Full call number Barcode Date last seen Price effective from Koha item type
          Military College of Engineering (MCE) Military College of Engineering (MCE) 09/03/2019   624.1821 JOH MCE-51102 09/03/2019 09/03/2019 Book
© 2023 Central Library, National University of Sciences and Technology. All Rights Reserved.